Concepts for corporate strategy; (Record no. 14448)
[ view plain ]
| 000 -LEADER | |
|---|---|
| fixed length control field | 00397cam a2200145 4500 |
| 040 ## - CATALOGING SOURCE | |
| Transcribing agency | DLC |
| 082 00 - DEWEY DECIMAL CLASSIFICATION NUMBER | |
| Classification number | 658 MAC 1972 A049 Or. |
| 100 1# - MAIN ENTRY--AUTHOR NAME | |
| Personal name | Bonge, John W., |
| 245 10 - TITLE STATEMENT | |
| Title | Concepts for corporate strategy; |
| Remainder of title | readings in business policy |
| 260 ## - PUBLICATION, DISTRIBUTION, ETC. (IMPRINT) | |
| Place of publication | New York, |
| Name of publisher | Macmillan |
| Year of publication | [1972] |
| 300 ## - PHYSICAL DESCRIPTION | |
| Number of Pages | xii, 603 p. |
| Dimensions | 24 cm. |
| 650 #0 - SUBJECT ADDED ENTRY--TOPICAL TERM | |
| Topical Term | Industrial management. |
| 700 1# - ADDED ENTRY--PERSONAL NAME | |
| Personal name | Coleman, Bruce P., |
| 942 ## - ADDED ENTRY ELEMENTS (KOHA) | |
| Koha item type | សៀវភៅភាសាអង់គ្លេស |
| 952 ## - LOCATION AND ITEM INFORMATION (KOHA) | |
| Withdrawn status [LOCAL, KOHA] | 0 |
| Permanent Location | Date acquired | Koha item type | Lost status | Shelving location | Barcode | Current Location | Full call number |
|---|---|---|---|---|---|---|---|
| Library Block A | 2017-10-17 | សៀវភៅភាសាអង់គ្លេស | A049 | A14589 | Library Block A | 658 MAC 1972 A049 Or. |